00704nam a22002177a 450000500170000001000110001702000220002803500110005003700160006104000120007708200110008910000320010024500370013226000390016930000210020865000590022965000410028894200200032999900190034995201180036820170124110126.0 a853082 c00.00a0340207272 a853082 bCen Lib/Ret aDPLbEN aNbMCI a McIlvanney, William931596 aLaidlaw /cby William McIlvanney aLondonbHodder and Stoughtonc1977 a224p. c20cm(Hb) aLaidlaw, Jack (Fictitious character) -- Fiction931597 aPolice -- Scotland -- Fiction931598 2ddccENhNmMCI c131367d131367 00104070aLbLd2015-07-14eCen Lib/Ret g0.00l0oN MCIp853082r2015-07-14 00:00:00t1v0.00w2015-07-14yEN